Virtuálne meny

Definícia, existencia, význam a postavenie virtuálnych mien v súčasnom finančnom systéme.

Saved in:
Bibliographic Details
Main Author: Skalák, Pavol
Format: Book Chapter
Language:Slovak
Subjects:
Tags: Add Tag
No Tags, Be the first to tag this record!

MARC

LEADER 00000naa a2200000 4500
001 0197007
005 20240502073325.0
041 0 |a slo 
044 |a SK 
245 1 0 |a Virtuálne meny  |c Pavol Skalák 
520 |a Definícia, existencia, význam a postavenie virtuálnych mien v súčasnom finančnom systéme. 
610 2 0 |a mena virtuálna 
610 2 0 |a systém menový 
610 2 0 |a Európska centrálna banka 
610 2 0 |a definície 
610 2 0 |a legislatíva 
100 1 |a Skalák, Pavol